000
00287 a2200145 4500
001
167624
020
_a
040
_c
Magnum
100
_a
Lopes, Helio
240
1
0
_a
A cabra feiticeira
_l
por
245
1
0
_a
A cabra feiticeira
362
0
_a
1899
697
_a
IJ/FICCAO
942
_c
BK
999
_c
167624
_d
167624